000 00611nam a22001817a 4500
999 _c166142
_d166142
005 20190715151228.0
010 _aENG-125920
020 _a9789351950257
_c499.00
035 _aEN-109452
037 _bDBAD/PUB
082 _a302.5
100 _aChakraborty, Sanjoy
245 _aThe truth about us :
_cby Sanjoy Chakravorty
_bthe politics of information from Manu to Modi /
260 _aGurugram
_bHachette Books Publishing
_c2019
270 _a4th and 5th Floor, Corporate Centre, Plot No.-94, Sector 44
_bGurugram
_e122003
300 _a301p.
_c21cm(Hb)
942 _2ddc
_cEN
_h302.5
_mCHA